Ecuaciones; guía de trabajos prácticos. tercer año /

Guardado en:
Autor Principal: Dalmasso, Juan Carlos Dir.
Formato: Libro
Publicado: Buenos Aires : Desafios, 1976
Materias:
Etiquetas: Agregar Etiqueta
Sin Etiquetas, Sea el primero en etiquetar este registro!
LEADER 00782nam a22002175a 4500
001 CEM.cems001932
005 20060215000000.0
008 130507s1976##################000#0#####d
003 CEMS
082 0 4 |a 512 
100 1 |a Dalmasso, Juan Carlos Dir. 
245 1 0 |a Ecuaciones; guía de trabajos prácticos. tercer año / 
260 |a Buenos Aires :  |b Desafios,  |c 1976 
300 |a 35 p. 
505 0 |a Estructuras de monoide y semigrupo; Estructura de grupo; Estructura de anillo 
653 |a Matematica 
653 |a Matematica 3er. año 
653 |a Poligonos regulares 
859 |a CEMS  |b BIB. CEMS - 11 de abril  |h 512  |i EC91/III  |p 12843.84  |t Ej.1 
859 |a CEMS  |b BIB. CEMS - 11 de abril  |h 512  |i EC91/III  |p 12844.84  |t Ej.2 
859 |a CEMS  |b BIB. CEMS - 11 de abril  |h 512  |i EC91/III  |p 12912.84  |t Ej.3